| 000 | 02321nam a2200349 a 4500 | ||
|---|---|---|---|
| 005 | 20110217153739.0 | ||
| 010 | _aB-422328-335 | ||
| 020 |
_a9781846141478 _c699.00 |
||
| 035 | _aB-422328-335 | ||
| 037 | _bUBH | ||
| 082 | _a320.011 | ||
| 100 |
_aSen, Amartya _926039 |
||
| 245 |
_aThe idea of justice / _cby Amartya Sen |
||
| 260 |
_aNew Delhi _bPenguin Books _c2009. |
||
| 270 |
_a11 Community Centre, Panchsheel Park _bNew Delhi _e110017 |
||
| 300 |
_axxviii, 467 p. ; _c24 cm(Hb) |
||
| 504 | _aIncludes bibliographical references and indexes. | ||
| 600 |
_aRawls, John, _d1921-2002. _tTheory of justice. _926040 |
||
| 650 |
_aJustice. _926041 |
||
| 650 |
_aSocial contract. _926042 |
||
| 650 |
_aEthics. _926043 |
||
| 942 |
_2ddc _cEN _mSEN _h320.011 |
||
| 999 |
_c35568 _d35568 |
||